LEADER 01138nam a2200265 i 4500 001 000000040690 003 CaOOAMICUS 005 20131031000000.0 008 131031s1994 xx u000 u ger u 013 $a11860 020 $a3-451-02152-8 040 $aSeMil$bita 100 1 $aVögtle, Anton,$d<1910-1996>.$0(OLS)http://semarc/name/120 245 14$aDie Gretchenfrage des Menschensohn-Problems :$bbilanz und Perspektive /$cAnton Vögtle. 260 $aFreiburg ; Basel ; Wien :$bHerder,$c1994. 300 $a182 p. ;$c22 cm. 490 0 $aQuaestiones disputatae ;$v152 650 4$aCristologia.$0(OLS)http://semarc/subject/173 830 0$aQuaestiones disputatae ;$v152.$0(OLS)http://semarc/title/436628 850 $aSeMil 852 $aSeMil$W1$xVenegono$y1$m2M I 504$j6845$B6845$CSeMilBibl$Z2$F6845 $81 961 $aAcquisto: Casa editrice 996 $6020$a3-451-02152-8$9(OLS)http://semarc/number/11035 996 $6245$aDie Gretchenfrage des Menschensohn-Problems :$bbilanz und Perspektive$9(OLS)http://semarc/title/58566 996 $6260$aFreiburg ; Basel ; Wien :$bHerder$9(OLS)http://semarc/publisher/29643 LEADER 01036nam a2200205 i 4500 001 000000023192 003 CaOOAMICUS 005 20260113125646.0 008 180830s19221925it u000 u ita u 040 $aSeMil$bita 100 1 $aCafasso, Giuseppe .$0(OLS)http://semarc/name/4880 245 10$aOpere complete /$cven. Giuseppe Cafasso. 260 $aTorino :$bIstituto-Collegio Internazionale della Consolata per le Missioni Estere,$c[1922-1925] 300 $av. ;$c23 cm. 774 0 $aCafasso, Giuseppe $tSacre missioni al popolo.$g2$w()187900 774 0 $aCafasso, Giuseppe $tMeditazioni per Esercizi spirituali al clero.$g3$w()127527 774 0 $aCafasso, Giuseppe $tIstruzioni per Esercizi spirituali al clero.$g4$w()127528 996 $6245$aOpere complete$9(OLS)http://semarc/title/2175 996 $6260$aTorino :$bIstituto-Collegio Internazionale della Consolata per le Missioni Estere$9(OLS)http://semarc/publisher/35858